00729nam a2200265Ia 450000500170000000800460001702000180006303700100008104000080009104000080009904000080010704100080011504100080012308400080013110000240013924500800016326000230024326000090026636500050027536500080028085600530028894200100034199900210035195200910037220260324131054.0008 260324s9999 xx 000 0 eng d a9781315084541 aEBOOK aCRL beng cCRL 2eng aeng qCRL aMark Berry91184114 0aTreacherous Bonds and Laughing Fire: Politics and Religion in Wagner's Ring bTaylor and Francis c2006 a b230 uhttp://www.taylorfrancis.com/books/9781315084541 cEBOOK c1780954d1780954 00104070aCRLbCRLd2026-03-24l0pCL2063125r2026-03-24 13:10:54w2026-03-24yEBOOK